| Tag |
First Indicator |
Second Indicator |
Subfields |
| LEADER |
00000cam a2200000 a 4500 |
| 001 |
in00001407083 |
| 005 |
20151020073121.0 |
| 008 |
970925s1998 cau b 001 0 eng |
| 010 |
|
|
|a 97040890
|
| 020 |
|
|
|a 0787940402
|
| 035 |
|
|
|a (OCoLC)37725563
|
| 035 |
|
|
|9 AHQ4054AM
|
| 040 |
|
|
|a DLC
|c DLC
|d VET
|d TXA
|d UtOrBLW
|
| 043 |
|
|
|a n-us---
|
| 049 |
|
|
|a TXAM
|
| 050 |
0 |
0 |
|a R728.2
|b .L87 1998
|
| 082 |
0 |
0 |
|a 362.1/068
|2 21
|
| 096 |
|
|
|a W 87 L975 1998
|
| 100 |
1 |
|
|a Lutz, Sandy.
|
| 245 |
1 |
0 |
|a Med Inc. :
|b how consolidation is shaping tomorrow's healthcare system /
|c Sandy Lutz, Woodrin Grossman, John Bigalke.
|
| 250 |
|
|
|a 1st ed.
|
| 264 |
|
1 |
|a San Francisco, Calif. :
|b Jossey-Bass Publishers,
|c 1998.
|
| 300 |
|
|
|a xii, 212 pages ;
|c 23 cm.
|
| 336 |
|
|
|a text
|b txt
|2 rdacontent
|
| 337 |
|
|
|a unmediated
|b n
|2 rdamedia
|
| 338 |
|
|
|a volume
|b nc
|2 rdacarrier
|
| 504 |
|
|
|a Includes bibliographical references and index.
|
| 650 |
|
0 |
|a Medical corporations
|z United States.
|
| 650 |
|
0 |
|a Integrated delivery of health care
|z United States.
|
| 650 |
|
0 |
|a Hospital mergers
|z United States.
|
| 650 |
|
0 |
|a Physician management companies
|x Mergers
|x United States.
|
| 650 |
|
0 |
|a Managed care plans (Medical care)
|z United States.
|
| 650 |
|
2 |
|a Delivery of Health Care, Integrated
|z United States.
|
| 650 |
|
2 |
|a Health Facility Merger.
|
| 650 |
|
2 |
|a Managed Care Programs
|z United States.
|
| 650 |
|
2 |
|a Professional Corporations.
|
| 700 |
1 |
|
|a Grossman, Woodrin.
|
| 700 |
1 |
|
|a Bigalke, John.
|
| 948 |
|
|
|a C:BLW
|d 20030615
|
| 999 |
|
|
|a MARS
|
| 999 |
f |
f |
|s a9c09135-5563-3e26-868c-7a001c1f294e
|i 37e69924-3355-3a84-b5d4-35d5c09df711
|t 0
|
| 952 |
f |
f |
|p ric
|a Texas A&M University
|b Rellis Campus
|c Joint Library Facility
|d Remote Storage
|t 0
|e R728.2 .L87 1998
|h Library of Congress classification
|i unmediated -- volume
|m A14822548932
|
| 998 |
f |
f |
|a R728.2 .L87 1998
|t 0
|l Remote Storage
|